000 00656nam a2200253Ia 4500
003 OSt
005 20221005115540.0
006 a|||||r|||| 00| 0
007 ta
008 221004b |||||||| |||| 00| 0 mal d
024 _a59170
037 _cTextual
040 _aCRL
_cCRL
_bmal
041 _2mal
_amal
082 _aV222:1.D, 32J5.3
100 _aPillai Kunjan Au.
_9625567
245 0 _aChila kerala charitra prasnangal
260 _c1955
490 _vVol. 3
650 _a MALAYALAM LITERATURE
_938866
650 _aHISTORY
942 _hV222:1.D, 32J5.3
_cTEXL
_2cc
999 _c1035161
_d1035161